Amir dan Amirah
| Main Author: | |
|---|---|
| Format: | Book |
| Published: |
Kuala Lumpur :
Pustaka Bakti Wira ,
1996
|
| Series: | Siri rangkaian budi
|
| Subjects: |
MARC
| LEADER | 00000cam a2200000 7i4500 | ||
|---|---|---|---|
| 001 | 0000014475 | ||
| 002 | 000015845 | ||
| 005 | 20000330.0 | ||
| 020 | |a 9838270903 | ||
| 090 | 0 | 0 | |a JF |b MJA |
| 100 | 0 | |a M. Jasni | |
| 245 | 1 | 0 | |a Amir dan Amirah |c M. Jasni |
| 260 | |a Kuala Lumpur : |b Pustaka Bakti Wira , |c 1996 | ||
| 300 | |a 30p. : |b ill. ; |c 25cm. | ||
| 490 | 0 | |a Siri rangkaian budi | |
| 650 | 0 | 0 | |a Children's stories, Malay |
| 999 | |a 049477 |b BUKU |c PINJAMAN |e PERPUSTAKAAN KOMUNITI PETALING JAYA | ||
| 999 | |a 084881 |b BUKU |c PINJAMAN |e PERPUSTAKAAN KOMUNITI PETALING JAYA | ||